000 00485nam a2200085Ia 4500
008 170517s9999 xx 000 0 und d
245 _aReel Bad Arabs: How Hollywood Vilifies A People
300 _aThe Arab is a one-dimensional caricature, a cartoon cutout used by film makers as stock villains and as comic relief. And so, over and over, we see Arabs in movies portrayed as buffoons, their only purpose being to deliver cheap laughs. This groundbreaking documentary...
650 _xMedia.
999 _c333543
_d333543